Používame ich správne?

Bibliographic Details
Main Author: Labudová, Jela, 1944- (Author)
Format: Article
Language:Slovak
ISSN:1335-2245
Subjects:

MARC

LEADER 00000nab a2200000 ar4500
001 vtls011428454
003 SK-MaSNL
005 20260303184342.0
008 151216c2015 xo qr|p|||n |000 b|slo
015 |a SNBRB2015/12 
038 |a SPK 
040 |a SPKCL  |b slo  |c AACR2  |e AACR2 
041 0 |a slo 
044 |a xo  |c SK 
072 7 |a 81  |x Lingvistika. Jazyky  |2 konspekt 
072 7 |a 00  |x Veda. Všeobecnosti. Základy vedy a kultúry. Vedecká práca  |2 konspekt 
080 |a 81'373.46  |2 2001 
080 |a 001.8  |2 2001 
100 1 |a Labudová, Jela,  |d 1944-  |4 aut  |9 231285 
245 1 0 |a Používame ich správne?  |c Jela Labudová 
504 |a Bibliogr. odkazy 
650 0 7 |a terminológia  |2 snkbucl  |9 3617 
650 0 7 |a metódy  |2 snkbucl  |9 3855 
650 0 7 |a metodika  |2 snkbucl  |9 280023 
650 0 7 |a metodológia  |2 snkbucl  |9 3854 
773 0 |t Telesná výchova & šport  |g Roč. XXV, č. 1 (2015), s. 26-28  |x 1335-2245 
852 |a SPK  |b KIS3GCP 
958 |a NB  |2 snkbucl 
999 |c 2126521  |d 2128451